| 000 | 00546nam a2200181 a 4500 | ||
|---|---|---|---|
| 001 | 1492 | ||
| 003 | CDMR | ||
| 005 | 20131106154708.0 | ||
| 008 | 130130s1919||||||||||||||||||||||||||||d | ||
| 040 |
_aCDMR _bcat _cCDMR |
||
| 100 | 1 |
_aGonzález-Blanco, Edmundo _91128 |
|
| 245 | 1 | 0 |
_aHistoria del periodismo _b: desde sus comienzos hasta nuestra época _cEdmundo González-Blanco |
| 260 |
_aMadrid _c1919 _bBiblioteca Nueva |
||
| 300 |
_a295 p ; _c19 cm |
||
| 650 | 0 | 4 |
_aPremsa _xHistòria _91130 |
| 650 | 0 | 4 |
_aPeriodisme _xHistòria _92512 |
| 942 |
_cMON _2udc |
||
| 999 |
_c1492 _d1492 |
||